00762nam a2200253 a 4500001001300000003000900013005001700022008004100039020001000080082001300090100002200103245002200125260004400147300000800191500003500199505001900234650001600253700002200269902000800291942000700299952009300306952009400399999001500493nice12345678IN_TiNIC20260116011859.0050524s1919 alla grp 000 0 urd  ac10000a239bGOL aGoldsack, William aIslam Men Qur`an. aAllahabadbChristian Lit. Societyc1919 a52p aincludes index and biblioraphy2 aReserve copies aApologetics1 aGoldsack, William bRBA cBK 00104070aHMIbHMId2016-04-15g100.00l0o239 GOLp5089r0000-00-00w2026-01-16yARB 00104070aHMIbHMId2016-04-15g100.00l0o239 GOLp11077r0000-00-00w2026-01-16yARB c4669d4669